Southville International School and Colleges
Your cart is empty.
  • Cart
  • Lists
    Public lists Eva Luna New books Lux_list list_1
    Your lists Log in to create your own lists
  • Log in to your account
  • Your cookies
  • Search history
Southville International School and Colleges
  • Advanced search
  • Recent comments
  • Most popular
  • Libraries

Log in to your account

Log in with GOOGLE


If you do not have an external account, but do have a local account, you can still log in:

  1. Home
  2. MARC view: Earthquakes /
Normal view MARC view ISBD view

Earthquakes / (Record no. 12432)

[ view plain ]
MARC details
000 -LEADER
fixed length control field 00545nam a22001937a 4500
003 - CONTROL NUMBER IDENTIFIER
control field OSt
005 - DATE AND TIME OF LATEST TRANSACTION
control field 20140310182353.0
008 - FIXED-LENGTH DATA ELEMENTS--GENERAL INFORMATION
fixed length control field 131001t xxu||||| |||| 00| 0 eng d
020 ## - INTERNATIONAL STANDARD BOOK NUMBER
International Standard Book Number 0118840665
050 ## - LIBRARY OF CONGRESS CALL NUMBER
Classification number BF 637
Item number .Ea12 1983
082 ## - DEWEY DECIMAL CLASSIFICATION NUMBER
Classification number FIL 551.22
Item number P272 1994
100 ## - MAIN ENTRY--PERSONAL NAME
Personal name Paterno, Maria Elena
9 (RLIN) 7029
245 ## - TITLE STATEMENT
Title Earthquakes /
Statement of responsibility, etc Maria Elena Paterno.
260 ## - PUBLICATION, DISTRIBUTION, ETC. (IMPRINT)
Place of publication, distribution, etc Manila :
Name of publisher, distributor, etc Tahanan books for Young Readers,
Date of publication, distribution, etc 1994.
300 ## - PHYSICAL DESCRIPTION
Extent 36 p.
Other physical details ill. ;
Dimensions 20 p. :
650 ## - SUBJECT ADDED ENTRY--TOPICAL TERM
Topical term or geographic name as entry element Earthquakes
9 (RLIN) 21015
942 ## - ADDED ENTRY ELEMENTS (KOHA)
Source of classification or shelving scheme Library of Congress Classification
Koha item type
Holdings
Withdrawn status Lost status Source of classification or shelving scheme Damaged status Home library Current library Shelving location Date acquired Total Checkouts Full call number Barcode Date last seen Copy number Price effective from Koha item type
    Library of Congress Classification   Luxembourg Library Luxembourg Library Grade School Section 10/01/2013   BF 637 .Ea12 1983 1821 10/28/2015 1 10/01/2013 Books

Earthquakes /

APA

Paterno M. E., . (1994). Earthquakes. Manila: Tahanan books for Young Readers.

Chicago

Paterno Maria Elena, . 1994. Earthquakes. Manila: Tahanan books for Young Readers.

Harvard

Paterno M. E., . (1994). Earthquakes. Manila: Tahanan books for Young Readers.

MLA

Paterno Maria Elena, . Earthquakes. Manila: Tahanan books for Young Readers. 1994.

  • Place hold
  • Print
  • Cite
  • Add to your cart (remove)
  • Save record
    BIBTEX Dublin Core MARCXML MARC (non-Unicode/MARC-8) MARC (Unicode/UTF-8) MARC (Unicode/UTF-8, Standard) MODS (XML) RIS
  • More searches
    Search for this title in:
    Other Libraries (WorldCat) Other Databases (Google Scholar) Online Stores (Bookfinder.com) Open Library (openlibrary.org)

Exporting to Dublin Core...

SOUTHVILLE LIBRARY

Southville International School and Colleges Library

1281 Tropical Ave. Cor. Luxembourg St., BF Homes International, Las Pinas City

Tel. No. 8256374 / 252358 Loc. 117/146

Powered by Koha